[Event "2nd President's Cup"]
[Site "Baku AZE"]
[Date "2007.05.05"]
[Round "3"]
[White "Badalov,S"]
[Black "Rzayev,B"]
[Result "1/2-1/2"]
[WhiteElo "2245"]
[BlackElo "2054"]
[EventDate "2007.05.03"]

1. d4 d5 2. Nf3 Nf6 3. c4 dxc4 4. e3 e6 5. Bxc4 c5 6. O-O a6 7. Qe2 Nc6 8.
Rd1 Qc7 9. Nc3 Be7 10. dxc5 Bxc5 11. a3 b5 12. Bd3 Bb7 13. b4 Ba7 14. Bb2
O-O 15. Ne4 Nxe4 16. Bxe4 f5 17. Bxc6 Bxc6 18. Rac1 Qb7 19. Be5 Rac8 20.
Bd6 Rfd8 21. Bc5 Bd5 22. Bxa7 Qxa7 23. Qb2 Qb7 24. Qe5 1/2-1/2

[Event "2nd President's Cup"]
[Site "Baku AZE"]
[Date "2007.05.05"]
[Round "3"]
[White "Avdeyeva,V"]
[Black "Agaragimov,D"]
[Result "1-0"]
[WhiteElo "2020"]
[BlackElo "2219"]
[EventDate "2007.05.03"]

1. e4 c5 2. d4 cxd4 3. c3 g6 4. Nf3 Bg7 5. Bc4 Nc6 6. cxd4 Qb6 7. e5 Nh6 8.
Nc3 Qb4 9. Qd3 Nf5 10. a3 Qa5 11. O-O O-O 12. Bf4 d6 13. Rfe1 dxe5 14. dxe5
Rd8 15. Qe4 Nfd4 16. b4 Qb6 17. Ng5 Bf5 18. Bxf7+ Kh8 19. Qe3 Nc2 20. Qg3
h5 21. Be6 Rd3 22. Nd5 Qd4 23. Ne3 Nxa1 24. Nf7+ Kg8 25. Nh6+ Kf8 26. Nhxf5
Qc3 27. Qxg6 1-0

[Event "2nd President's Cup"]
[Site "Baku AZE"]
[Date "2007.05.05"]
[Round "3"]
[White "Umudova,N"]
[Black "Guliyev,M"]
[Result "0-1"]
[WhiteElo "2198"]
[BlackElo "2019"]
[EventDate "2007.05.03"]

1. e4 e6 2. d4 d5 3. Nc3 Nf6 4. e5 Nfd7 5. f4 c5 6. Nf3 Nc6 7. Be3 cxd4 8.
Nxd4 Bc5 9. Qd2 O-O 10. O-O-O a6 11. h4 Bxd4 12. Bxd4 b5 13. h5 b4 14. Na4
Qa5 15. b3 Bb7 16. h6 g6 17. Bf2 Rfd8 18. Rh3 Rab8 19. Kb1 Ne7 20. Nb2 Bc6
21. a4 Nc5 22. Bxc5 Qxc5 23. Bxa6 d4 24. Bc4 Be4 25. g4 Nd5 26. Bxd5 Qxd5
27. Nd3 Rdc8 28. Kb2 Qb7 29. Qe2 Rc3 30. Rd2 Qc6 31. Rh2 Rc8 32. Nxb4 Rxb3+
33. Kxb3 Qc3+ 34. Ka2 Qxb4 35. Rh3 Ra8 36. Ra3 Bd5+ 37. c4 Bxc4+ 0-1

[Event "2nd President's Cup"]
[Site "Baku AZE"]
[Date "2007.05.05"]
[Round "3"]
[White "Asgarova,T"]
[Black "Abasov,N"]
[Result "0-1"]
[WhiteElo "1998"]
[BlackElo "2194"]
[EventDate "2007.05.03"]

1. e4 c5 2. Nf3 Nc6 3. c4 e5 4. Nc3 g6 5. Be2 Bg7 6. d3 Nge7 7. Bg5 h6 8.
Bd2 O-O 9. O-O f5 10. a3 f4 11. Nd5 d6 12. b4 Nd4 13. Nxd4 cxd4 14. Bf3
Nxd5 15. exd5 Bf5 16. Be4 Bxe4 17. dxe4 f3 18. gxf3 Qc8 19. c5 Qh3 20. f4
exf4 21. f3 Rae8 22. Qe2 Re5 23. Kh1 dxc5 24. bxc5 Qd7 25. Rac1 Qxd5 26.
exd5 Rxe2 27. Bb4 Rf5 28. c6 Rh5 29. Kg1 bxc6 30. dxc6 Rhxh2 31. Rfd1 Reg2+
32. Kf1 Rc2 33. Kg1 d3 34. Rxc2 Rxc2 35. Rxd3 Rxc6 36. Rd8+ Kf7 37. Rd7+
Kf6 38. Rxa7 g5 39. a4 Kg6 40. Kf1 h5 41. Bd2 h4 42. Rd7 h3 43. Kg1 Bc3 44.
a5 Bxd2 45. Rxd2 Kh5 46. Kh2 Kh4 47. Ra2 Ra6 48. Ra4 Re6 49. Ra2 g4 50.
fxg4 f3 51. Rf2 Re2 52. Kg1 Kg3 53. Kh1 Re1+ 0-1

[Event "2nd President's Cup"]
[Site "Baku AZE"]
[Date "2007.05.06"]
[Round "4"]
[White "Mamedov,Nid"]
[Black "Short,N"]
[Result "1/2-1/2"]
[WhiteElo "2547"]
[BlackElo "2691"]
[EventDate "2007.05.03"]

1. e4 e5 2. Nf3 Nc6 3. Bb5 a6 4. Ba4 Nf6 5. O-O Be7 6. Re1 b5 7. Bb3 d6 8.
c3 O-O 9. h3 Nb8 10. d4 Nbd7 11. Nbd2 Bb7 12. Bc2 Re8 13. Nf1 Bf8 14. Ng3
g6 15. a4 c5 16. d5 c4 17. Bg5 h6 18. Be3 Nc5 19. Qd2 h5 20. Bg5 Be7 21.
Ra3 Nfd7 22. Be3 Qc7 23. Ng5 f6 24. Nf3 Kf7 25. Nh4 Rh8 26. axb5 axb5 27.
Rxa8 Bxa8 28. Rf1 Bb7 29. f4 Rh7 30. f5 g5 31. Nf3 Kg8 32. Qd1 Qc8 33. h4
g4 34. Nd2 Kh8 35. Kh2 Bd8 36. Qe2 Bb6 37. Ra1 Ba6 1/2-1/2

[Event "2nd President's Cup"]
[Site "Baku AZE"]
[Date "2007.05.06"]
[Round "4"]
[White "Balogh,C"]
[Black "Shengelia,D"]
[Result "1/2-1/2"]
[WhiteElo "2617"]
[BlackElo "2523"]
[EventDate "2007.05.03"]

1. e4 c5 2. Nf3 d6 3. d4 cxd4 4. Nxd4 Nf6 5. Nc3 Nc6 6. Bg5 e6 7. Qd2 Be7
8. O-O-O O-O 9. f4 Nxd4 10. Qxd4 Qa5 11. Kb1 h6 12. h4 Rd8 13. Qd2 hxg5 14.
hxg5 Nxe4 15. Nxe4 Qxd2 16. Rxd2 d5 17. Nf2 e5 18. fxe5 1/2-1/2

[Event "2nd President's Cup"]
[Site "Baku AZE"]
[Date "2007.05.06"]
[Round "4"]
[White "Sanikidze,T"]
[Black "Sadvakasov,D"]
[Result "1/2-1/2"]
[WhiteElo "2426"]
[BlackElo "2618"]
[EventDate "2007.05.03"]

1. d4 Nf6 2. c4 e6 3. Nf3 b6 4. e3 Bb7 5. Nc3 Bb4 6. Bd3 O-O 7. O-O d5 8.
cxd5 exd5 9. Ne5 Bd6 10. Nb5 Be7 11. b3 c5 12. Bb2 a6 13. Nc3 Nc6 14. Nxc6
Bxc6 15. Rc1 Re8 16. Ne2 Bd6 17. Ng3 Bf8 18. Qc2 h6 19. dxc5 bxc5 20. Ba3
Nd7 21. Bh7+ Kh8 22. Bf5 Rc8 23. Qd2 Bb7 24. Rfd1 Kg8 25. Bh3 Rc7 26. Qa5
Rc8 27. Qd2 Rc7 28. Qa5 Rc8 29. Qd2 1/2-1/2

[Event "2nd President's Cup"]
[Site "Baku AZE"]
[Date "2007.05.06"]
[Round "4"]
[White "Melia,S"]
[Black "Malakhatko,V"]
[Result "0-1"]
[WhiteElo "2396"]
[BlackElo "2598"]
[EventDate "2007.05.03"]

1. e4 e6 2. d4 d5 3. Nc3 h6 4. Nf3 Nf6 5. Bd3 Bb4 6. exd5 exd5 7. O-O O-O
8. h3 Re8 9. Bd2 Bf8 10. Re1 Rxe1+ 11. Qxe1 b6 12. Bf4 c5 13. dxc5 bxc5 14.
Rd1 Nbd7 15. Nb5 Bb7 16. Bc7 Qc8 17. Qa5 Ne8 18. Bg3 Nb6 19. c3 c4 20. Bf1
Qc5 21. b4 Qc8 22. Re1 Bc6 23. Ne5 Bxb5 24. Qxb5 Nd6 25. Qc5 Ne4 26. Qd4
Nxg3 27. fxg3 Qc7 28. Kh2 Bd6 29. Re3 Re8 30. Ng4 Rxe3 31. Qxe3 h5 32. Nf2
h4 33. Kh1 Bxg3 34. Be2 Qe5 35. Qxe5 Bxe5 36. Nd1 Kf8 37. Kg1 Ke7 38. Kf2
Na4 39. Bf3 Kd6 40. Ne3 Nxc3 41. Nf5+ Ke6 42. Bg4 Kf6 43. Nxh4 Nxa2 44. b5
Nc3 45. Bd7 Ne4+ 46. Ke2 Nc5 47. Bc6 d4 0-1

[Event "2nd President's Cup"]
[Site "Baku AZE"]
[Date "2007.05.06"]
[Round "4"]
[White "Morchiashvili,B"]
[Black "Guseinov,G"]
[Result "0-1"]
[WhiteElo "2396"]
[BlackElo "2586"]
[EventDate "2007.05.03"]

1. d4 Nf6 2. c4 g6 3. Nf3 Bg7 4. Nc3 O-O 5. g3 d6 6. Bg2 Nbd7 7. O-O e5 8.
h3 Re8 9. e4 exd4 10. Nxd4 Nc5 11. Re1 a5 12. Ndb5 Nfd7 13. Be3 Ne5 14.
Bxc5 dxc5 15. Qxd8 Rxd8 16. Nxc7 Rb8 17. Red1 Be6 18. Nxe6 fxe6 19. Rxd8+
Rxd8 20. Rd1 Rxd1+ 21. Nxd1 Nxc4 22. b3 Nd2 23. e5 Bxe5 24. Bxb7 Bd4 25.
Ne3 Bxe3 26. fxe3 Nb1 27. Kf2 Nc3 28. a3 Kf7 29. Ke1 Nb5 30. Kd2 Kf6 31.
Ba6 Nd6 32. Bd3 h6 33. Kc3 g5 34. Kc2 Ke5 35. Kc3 h5 36. g4 h4 37. Kd2 Kd5
38. Kc3 Ne4+ 39. Bxe4+ Kxe4 40. Kc4 Kxe3 41. Kxc5 e5 42. b4 axb4 43. axb4
e4 44. b5 Kf3 45. b6 e3 46. b7 e2 47. b8=Q e1=Q 48. Qg8 Qe3+ 49. Kd6 Kg3
0-1

[Event "2nd President's Cup"]
[Site "Baku AZE"]
[Date "2007.05.06"]
[Round "4"]
[White "Mamedov,Rau"]
[Black "Andreev,Ed UKR"]
[Result "1/2-1/2"]
[WhiteElo "2584"]
[BlackElo "2433"]
[EventDate "2007.05.03"]

1. e4 c5 2. Nf3 d6 3. d4 cxd4 4. Nxd4 Nf6 5. Nc3 Nc6 6. Bc4 Bd7 7. Bb3 g6
8. f3 Nxd4 9. Qxd4 Bg7 10. Be3 O-O 11. Qd2 b5 12. a3 a5 13. Ne2 Qc8 14. Nd4
Rd8 15. O-O Qc7 16. Rfd1 Be8 17. Ne2 Nd7 18. c3 Ne5 19. Nf4 e6 20. Qf2 Qe7
21. Bd4 Bh6 22. Ne2 Nc4 23. Bxc4 bxc4 24. Be3 Bg7 25. Rd2 Rdb8 26. Nf4 Rb7
27. Re1 Rab8 28. h4 Bf6 29. g3 Bg7 30. Ree2 Bc6 31. Kg2 h6 32. Kh2 Rb5 33.
Ba7 1/2-1/2

[Event "2nd President's Cup"]
[Site "Baku AZE"]
[Date "2007.05.06"]
[Round "4"]
[White "Zarkua,D"]
[Black "Rustemov,A"]
[Result "1/2-1/2"]
[WhiteElo "2390"]
[BlackElo "2557"]
[EventDate "2007.05.03"]

1. d4 d5 2. c4 e6 3. Nf3 Nf6 4. Nc3 Be7 5. Bg5 h6 6. Bh4 O-O 7. e3 b6 8.
Rb1 Nbd7 9. cxd5 Nxd5 10. Bxe7 Nxe7 11. b4 c5 12. bxc5 bxc5 13. Be2 Qa5 14.
Qd2 Ba6 15. Nb5 Qb6 16. O-O Rfd8 17. Rfc1 1/2-1/2

[Event "2nd President's Cup"]
[Site "Baku AZE"]
[Date "2007.05.06"]
[Round "4"]
[White "Shanava,K"]
[Black "Zeynalov,F"]
[Result "1-0"]
[WhiteElo "2532"]
[BlackElo "2259"]
[EventDate "2007.05.03"]

1. e4 e5 2. Bc4 Nf6 3. d3 c6 4. Nf3 Be7 5. O-O d6 6. c3 O-O 7. Bb3 Bg4 8.
Nbd2 Nbd7 9. Re1 Nc5 10. Bc2 Ne6 11. h3 Bh5 12. Nf1 Nd7 13. g4 Bg6 14. Ng3
Ng5 15. Kg2 Nxf3 16. Qxf3 Bg5 17. Be3 Bxe3 18. fxe3 Qf6 19. Qe2 d5 20. Rf1
Qe7 21. exd5 cxd5 22. Nf5 Bxf5 23. Rxf5 g6 24. Rf2 Kg7 25. Qf3 Nb6 26. Raf1
f6 27. Qg3 Rae8 28. h4 d4 29. exd4 exd4 30. Bb3 dxc3 31. bxc3 a5 32. a4 Qc5
33. h5 Qxc3 34. g5 Qxb3 35. gxf6+ Kh8 36. hxg6 Qd5+ 37. Kg1 Rf7 38. gxf7
Qxf7 39. Rg2 Nxa4 40. Qh4 1-0

[Event "2nd President's Cup"]
[Site "Baku AZE"]
[Date "2007.05.06"]
[Round "4"]
[White "Miezis,N"]
[Black "Rasulov,V"]
[Result "1-0"]
[WhiteElo "2521"]
[BlackElo "2271"]
[EventDate "2007.05.03"]

1. c4 e5 2. Nc3 Nf6 3. g3 d5 4. cxd5 Nxd5 5. Bg2 Nb6 6. Nf3 Nc6 7. Rb1 Be6
8. O-O Be7 9. b4 f6 10. a3 O-O 11. Ne4 Ba2 12. Rb2 Bd5 13. Nc5 Nc4 14. Rc2
b6 15. d3 Nxa3 16. Bxa3 bxc5 17. bxc5 Bb3 18. Nd2 Bxc2 19. Qxc2 Nd4 20.
Qc4+ Kh8 21. e3 Nf5 22. Bxa8 Qxa8 23. Rb1 g6 24. Qa6 Rd8 25. Rb7 Rxd3 26.
Rxc7 Rd8 27. Rxe7 Nxe7 28. Qxf6+ Kg8 29. Qe6+ Kf8 30. c6 Qc8 31. Qxe7+ Kg8
32. Ne4 1-0

[Event "2nd President's Cup"]
[Site "Baku AZE"]
[Date "2007.05.06"]
[Round "4"]
[White "Abdulov,Or"]
[Black "Babaev,Ra"]
[Result "0-1"]
[WhiteElo "2271"]
[BlackElo "2510"]
[EventDate "2007.05.03"]

1. e4 c5 2. Nf3 d6 3. c3 Nf6 4. Bd3 Nc6 5. h3 g6 6. Bc2 Bg7 7. O-O O-O 8.
Re1 e5 9. d3 h6 10. Be3 Re8 11. a4 b6 12. Na3 d5 13. Qe2 Bb7 14. Rad1 Qd7
15. Bc1 Rad8 16. Kh2 Nh5 17. exd5 Qxd5 18. Nc4 Qd7 19. Nh4 Nf4 20. Bxf4
exf4 21. Qd2 Ne7 22. Ne5 Bxe5 23. Rxe5 g5 24. Nf3 Bxf3 25. gxf3 Ng6 26.
Rxe8+ Qxe8 27. d4 Nh4 28. Qd3 f5 29. Rg1 cxd4 30. cxd4 Rxd4 31. Qc3 Qe2 32.
Kh1 Qxf3+ 33. Qxf3 Nxf3 34. Rd1 Rxd1+ 35. Bxd1 Nd4 0-1

[Event "2nd President's Cup"]
[Site "Baku AZE"]
[Date "2007.05.06"]
[Round "4"]
[White "Abbasov,F"]
[Black "Mammadov,F"]
[Result "1-0"]
[WhiteElo "2509"]
[BlackElo "2222"]
[EventDate "2007.05.03"]

1. d4 Nf6 2. c4 g6 3. Nc3 Bg7 4. e4 d6 5. Nge2 O-O 6. Ng3 Nbd7 7. Be2 c5 8.
d5 a6 9. O-O Rb8 10. a4 Ne8 11. Bg5 h6 12. Be3 Nc7 13. Qd2 Kh7 14. f4 b6
15. Kh1 Nf6 16. Rab1 h5 17. e5 Ng4 18. Bxg4 hxg4 19. exd6 exd6 20. f5 b5
21. Bg5 f6 22. fxg6+ Kxg6 23. Qd3+ Kf7 24. Bxf6 Bxf6 25. Qh7+ Ke8 26. Rbe1+
Be6 27. dxe6 Qe7 28. Qg6+ Kd8 29. Nce4 Be5 30. Rxf8+ Qxf8 31. Nf5 Qh8 32.
Qg5+ 1-0

[Event "2nd President's Cup"]
[Site "Baku AZE"]
[Date "2007.05.06"]
[Round "4"]
[White "Gasanov,E"]
[Black "Agasiyev,Ka"]
[Result "1-0"]
[WhiteElo "2486"]
[BlackElo "2194"]
[EventDate "2007.05.03"]

1. d4 Nf6 2. c4 g6 3. Nc3 Bg7 4. e4 O-O 5. Be3 d6 6. f3 e5 7. Nge2 c6 8.
Qd2 Nbd7 9. O-O-O a6 10. Kb1 b5 11. c5 b4 12. Na4 Qa5 13. Qc2 d5 14. dxe5
Nxe5 15. Nb6 Rb8 16. Nd4 Rxb6 17. cxb6 dxe4 18. Nxc6 Nxc6 19. Qxc6 exf3 20.
b7 Bf5+ 21. Bd3 Ng4 22. Qc5 Bxd3+ 23. Rxd3 fxg2 24. Rg1 Qa4 25. Qxf8+ Bxf8
26. b8=Q b3 27. axb3 Qe4 28. Bc5 Qxd3+ 29. Ka2 1-0

[Event "2nd President's Cup"]
[Site "Baku AZE"]
[Date "2007.05.06"]
[Round "4"]
[White "Lomsadze,D"]
[Black "Magalashvili,D"]
[Result "1/2-1/2"]
[WhiteElo "2268"]
[BlackElo "2474"]
[EventDate "2007.05.03"]

1. e4 c5 2. Nf3 d6 3. g3 Nf6 4. d3 g6 5. Bg2 Bg7 6. O-O O-O 7. Nbd2 Nc6 8.
Re1 e5 9. Nc4 b5 10. Ne3 Bb7 11. c3 a6 12. h3 Qc7 13. Nh4 Ne7 14. f4 exf4
15. gxf4 d5 16. e5 d4 17. cxd4 cxd4 18. Bxb7 Qxb7 19. exf6 Bxf6 20. Neg2
Nd5 21. Qf3 Rac8 22. f5 Rc2 23. Bh6 Rd8 24. Rac1 Rxc1 25. Rxc1 Qd7 26. fxg6
hxg6 27. Qg3 Kh7 28. Bg5 Bxg5 29. Qxg5 Re8 30. Nf3 Re2 31. Qh4+ Kg8 32. Ng5
Nf6 33. Rf1 Qc6 34. Qg3 Rxb2 35. Nf4 Qc7 36. Nxf7 Qxf7 37. Nd5 Nxd5 38.
Qb8+ Kg7 39. Rxf7+ Kxf7 40. Qb7+ Ne7 41. Qxa6 Nf5 42. Qb7+ Kf6 43. a4 b4
44. a5 b3 45. a6 Ra2 46. a7 b2 47. Qxb2 Rxb2 1/2-1/2

[Event "2nd President's Cup"]
[Site "Baku AZE"]
[Date "2007.05.06"]
[Round "4"]
[White "Guliev,L"]
[Black "Djavadov,R"]
[Result "1-0"]
[WhiteElo "2466"]
[BlackElo "2188"]
[EventDate "2007.05.03"]

1. e4 e5 2. Nf3 Nc6 3. Bb5 a6 4. Ba4 Nf6 5. O-O Be7 6. Re1 b5 7. Bb3 O-O 8.
h3 d6 9. c3 Nb8 10. d4 Nbd7 11. Nbd2 Bb7 12. Bc2 Re8 13. Nf1 Bf8 14. Ng3 g6
15. a4 c5 16. d5 c4 17. Bg5 h6 18. Be3 Qc7 19. Qd2 Kh7 20. Ra3 Nc5 21. Nh2
h5 22. Nf3 Rec8 23. Nh4 Be7 24. Bg5 Ne8 25. Nf3 f6 26. Be3 Rcb8 27. Rea1
Qb6 28. Kh1 Rd8 29. Rf1 a5 30. axb5 Qxb5 31. Ra2 Rdb8 32. Nh4 Bc8 33. f4
exf4 34. Bxf4 Bd7 35. e5 Nd3 36. e6 Qxd5 37. exd7 Ng7 38. Be3 Ne6 39. Qe2
Ng7 40. Bd4 1-0

[Event "2nd President's Cup"]
[Site "Baku AZE"]
[Date "2007.05.06"]
[Round "4"]
[White "Mammadova,G"]
[Black "Paichadze,L"]
[Result "0-1"]
[WhiteElo "2201"]
[BlackElo "2392"]
[EventDate "2007.05.03"]

1. e4 c6 2. d4 d5 3. exd5 cxd5 4. Bf4 Nc6 5. c3 Bf5 6. Nf3 e6 7. Nbd2 Bd6
8. Bxd6 Qxd6 9. Be2 Nf6 10. O-O O-O 11. Nh4 Bg6 12. f4 Be4 13. Qe1 Rab8 14.
Qg3 b5 15. b4 a5 16. a3 a4 17. Rae1 Rfc8 18. Bd3 Ne7 19. Rc1 Nf5 20. Nxf5
exf5 21. Be2 Qb6 22. Rfd1 Rc6 23. Nf1 Rbc8 24. Qe1 Ne8 25. Bd3 Rxc3 26.
Rxc3 Qxd4+ 27. Qe3 Qxc3 28. Bxe4 dxe4 29. Rd5 Qc4 30. Rxf5 Nd6 31. Rg5 h6
32. Re5 Qb3 33. Qd4 Rc1 34. h3 Rd1 35. Qf2 Qd3 36. f5 Rxf1+ 0-1

[Event "2nd President's Cup"]
[Site "Baku AZE"]
[Date "2007.05.06"]
[Round "4"]
[White "Orujov,E"]
[Black "Davidov,S"]
[Result "0-1"]
[WhiteElo "2185"]
[BlackElo "2326"]
[EventDate "2007.05.03"]

1. e4 e5 2. Nf3 Nc6 3. Bc4 Nf6 4. Ng5 d5 5. exd5 Na5 6. Bb5+ c6 7. dxc6
bxc6 8. Ba4 h6 9. Nf3 e4 10. Qe2 Be6 11. Ne5 Qd4 12. Bxc6+ Nxc6 13. Qb5 Bc5
14. Qxc6+ Ke7 15. Qb7+ Kd6 16. O-O Kxe5 17. d3 Ng4 18. Nc3 Qb4 19. d4+ Qxd4
20. Bf4+ Kf5 21. Be3 Qb4 22. Qc6 Nxe3 23. fxe3+ Kg6 24. Rxf7 Qc4 25. Rc7
Rhc8 26. Kh1 Rxc7 27. Qxc7 Rf8 28. h3 Kh7 29. Qe5 Bxe3 30. Qxe4+ Qxe4 31.
Nxe4 Bd5 32. Nc3 Ba8 33. Rd1 Rf2 34. Nd5 Bxd5 35. Rxd5 Rxc2 36. Rd3 Bf4 37.
g3 Be5 38. Ra3 Rxb2 39. Rxa7 Bxg3 0-1

[Event "2nd President's Cup"]
[Site "Baku AZE"]
[Date "2007.05.06"]
[Round "4"]
[White "Jafarli,A"]
[Black "Laciner,K"]
[Result "0-1"]
[WhiteElo "2164"]
[BlackElo "2304"]
[EventDate "2007.05.03"]

1. e4 c5 2. Nc3 Nc6 3. f4 e6 4. Nf3 Nge7 5. d3 d5 6. e5 a6 7. g3 b5 8. Bg2
Bb7 9. O-O h5 10. Ne2 Nf5 11. c3 d4 12. Ng5 Qd7 13. Ne4 Be7 14. Qc2 Rc8 15.
Rd1 O-O 16. Kh1 Rfd8 17. Ng1 g6 18. Nh3 Na5 19. Nhg5 c4 20. dxc4 Nxc4 21.
Qf2 d3 22. b3 d2 23. bxc4 dxc1=Q 24. Rdxc1 Rxc4 25. Re1 Bxg5 26. Nxg5 Rxc3
27. Kg1 Bxg2 28. Qxg2 Qd4+ 29. Kh1 Ne3 30. Qe4 Qd2 31. Rg1 Ng4 32. Rg2 Rc1+
33. Rxc1 Qxc1+ 34. Rg1 Qb2 0-1

[Event "2nd President's Cup"]
[Site "Baku AZE"]
[Date "2007.05.06"]
[Round "4"]
[White "Idrisov,T"]
[Black "Velikhanli,F"]
[Result "0-1"]
[WhiteElo "2127"]
[BlackElo "2310"]
[EventDate "2007.05.03"]

1. Nf3 d6 2. g3 e5 3. Bg2 g6 4. O-O Bg7 5. d4 e4 6. Ne1 d5 7. f3 Nf6 8. Bg5
h6 9. Bxf6 Qxf6 10. e3 exf3 11. Bxf3 Qe7 12. Ng2 c6 13. c4 dxc4 14. Nd2 O-O
15. Nxc4 Be6 16. Rc1 Nd7 17. Re1 Nb6 18. b3 Rfd8 19. Re2 Bd5 20. Bxd5 Nxd5
21. Qe1 Nf6 22. Nf4 Ne4 23. b4 Re8 24. Nd3 Ng5 25. Rf2 Nh3+ 26. Kg2 Nxf2
27. Kxf2 Bxd4 28. Qd2 Bg7 0-1

[Event "2nd President's Cup"]
[Site "Baku AZE"]
[Date "2007.05.06"]
[Round "4"]
[White "Agayev,N"]
[Black "Hasanli,S"]
[Result "1-0"]
[WhiteElo "2306"]
[BlackElo "1997"]
[EventDate "2007.05.03"]

1. Nf3 Nf6 2. g3 g6 3. b3 Bg7 4. Bb2 O-O 5. Bg2 c5 6. c4 d6 7. O-O Nc6 8.
d4 cxd4 9. Nxd4 Bd7 10. Nc3 Nxd4 11. Qxd4 Bc6 12. Nd5 Bxd5 13. Bxd5 Nh5 14.
Qd2 Bxb2 15. Qxb2 Qc7 16. Rfd1 Nf6 17. Bf3 Rac8 18. Rd4 Rfd8 19. Rad1 h6
20. Qd2 a6 21. h3 b5 22. Bg2 Qd7 23. e4 bxc4 24. bxc4 Qe6 25. e5 Ne8 26.
Bd5 Qxe5 27. Re1 Qg7 28. Rxe7 Rc7 29. Bxf7+ Kf8 30. Rxe8+ Rxe8 31. Bxe8
Kxe8 32. Rxd6 Re7 33. Rd8+ 1-0

[Event "2nd President's Cup"]
[Site "Baku AZE"]
[Date "2007.05.06"]
[Round "4"]
[White "Rzaev,A"]
[Black "Mamedjarova,T"]
[Result "0-1"]
[WhiteElo "2059"]
[BlackElo "2293"]
[EventDate "2007.05.03"]

1. e4 e5 2. Nc3 d6 3. Bc4 Nf6 4. d3 Be7 5. Nge2 O-O 6. O-O c6 7. a4 d5 8.
Bb3 Na6 9. exd5 cxd5 10. d4 e4 11. Bg5 Nc7 12. Nf4 Ng4 13. Bxe7 Qxe7 14. h3
Qd6 15. hxg4 Qxf4 16. f3 exf3 17. Rxf3 Qg5 18. Qc1 Qxc1+ 19. Rxc1 Bxg4 20.
Rg3 Be6 21. Re1 Rfe8 22. Rge3 Kf8 23. Kf2 f6 24. a5 Bf7 25. Na4 Rxe3 26.
Rxe3 Rd8 27. Ba2 Ne6 28. Rb3 Be8 29. Nc5 Nxc5 30. dxc5 Bc6 31. Rd3 Ke7 32.
Rd4 f5 33. b4 a6 34. c3 g5 35. g3 Rd7 36. Bb1 Kf6 37. Bd3 Ke5 38. b5 axb5
39. Rb4 d4 40. Bxb5 dxc3 41. Bxc6 bxc6 42. Rc4 Rd2+ 43. Ke3 Ra2 44. Rxc3
Rxa5 45. Rc1 Ra3+ 46. Kf2 Kd4 47. Rh1 Kxc5 48. Rh5 h6 49. Rxh6 g4 50. Rf6
Rf3+ 51. Kg2 Kd5 52. Rf8 c5 0-1

[Event "2nd President's Cup"]
[Site "Baku AZE"]
[Date "2007.05.07"]
[Round "5"]
[White "Short,N"]
[Black "Savchenko,S"]
[Result "1/2-1/2"]
[WhiteElo "2691"]
[BlackElo "2545"]
[EventDate "2007.05.03"]

1. e4 c5 2. Nf3 d6 3. d4 cxd4 4. Nxd4 Nf6 5. Nc3 a6 6. Be3 e5 7. Nf3 Be7 8.
Bc4 O-O 9. O-O Nc6 10. a3 Be6 11. Ba2 Rc8 12. Re1 Na5 13. Nd2 Bxa2 14. Rxa2
d5 15. Nxd5 1/2-1/2

[Event "2nd President's Cup"]
[Site "Baku AZE"]
[Date "2007.05.07"]
[Round "5"]
[White "Malakhatko,V"]
[Black "Mamedov,Nid"]
[Result "1/2-1/2"]
[WhiteElo "2598"]
[BlackElo "2547"]
[EventDate "2007.05.03"]

1. d4 Nf6 2. Nf3 g6 3. c3 Bg7 4. Bg5 O-O 5. Nbd2 d6 6. e4 c5 7. dxc5 dxc5
8. Bc4 Nc6 9. Qe2 h6 10. Be3 b6 11. h3 Bb7 12. O-O Qc7 13. Ba6 1/2-1/2

[Event "2nd President's Cup"]
[Site "Baku AZE"]
[Date "2007.05.07"]
[Round "5"]
[White "Guseinov,G"]
[Black "Shengelia,D"]
[Result "1-0"]
[WhiteElo "2586"]
[BlackElo "2523"]
[EventDate "2007.05.03"]

1. e4 c5 2. Nc3 d6 3. d4 cxd4 4. Qxd4 Nc6 5. Bb5 Bd7 6. Bxc6 bxc6 7. Nf3 e5
8. Qd3 Nf6 9. O-O h6 10. Nd2 Qc7 11. Nc4 Rd8 12. f4 Be6 13. b3 d5 14. Nxe5
Bc5+ 15. Kh1 dxe4 16. Qg3 g5 17. Ne2 Rg8 18. Bb2 Rd2 19. f5 Bd5 20. Ng4
Nxg4 21. Qxc7 Rxe2 22. Qc8+ Ke7 23. f6+ 1-0

[Event "2nd President's Cup"]
[Site "Baku AZE"]
[Date "2007.05.07"]
[Round "5"]
[White "Fedorov,Alex"]
[Black "Zarkua,D"]
[Result "1-0"]
[WhiteElo "2611"]
[BlackElo "2390"]
[EventDate "2007.05.03"]

1. e4 c6 2. d4 d5 3. e5 Bf5 4. Nd2 h6 5. Nb3 e6 6. Nf3 Nd7 7. Be2 Ne7 8.
O-O Bh7 9. c3 Qb6 10. a4 a6 11. a5 Qc7 12. Bd2 Nf5 13. Rc1 Be7 14. c4 Qd8
15. g4 Nh4 16. Nxh4 Bxh4 17. cxd5 cxd5 18. f4 Be4 19. Bb4 Be7 20. Bxe7 Qxe7
21. Rc7 Qb4 22. Bd3 Kd8 23. Rc3 Rc8 24. Bxe4 dxe4 25. Qc2 Rxc3 26. bxc3 Qc4
27. Re1 Ke7 28. Nd2 Qd3 29. Qxd3 exd3 30. Rb1 Rc8 31. c4 Rc7 32. Kf2 f6 33.
h4 g5 34. exf6+ Kxf6 35. fxg5+ hxg5 36. h5 e5 37. Ke3 exd4+ 38. Kxd4 Ne5
39. Ne4+ Ke6 40. Nxg5+ Kd6 1-0

[Event "2nd President's Cup"]
[Site "Baku AZE"]
[Date "2007.05.07"]
[Round "5"]
[White "Sulashvili,M"]
[Black "Gelashvili,T"]
[Result "0-1"]
[WhiteElo "2439"]
[BlackElo "2605"]
[EventDate "2007.05.03"]

1. d4 Nf6 2. Nf3 e6 3. c4 Nc6 4. a3 d5 5. Nc3 g6 6. Bg5 Bg7 7. e3 O-O 8.
Be2 a6 9. O-O h6 10. Bh4 g5 11. Bg3 Ne4 12. Rc1 Nxg3 13. hxg3 Qd6 14. b4
Ne7 15. Ne1 c6 16. Na4 Qc7 17. c5 Bd7 18. Nb6 Rad8 19. Nd3 Be8 20. a4 f6
21. Bh5 e5 22. Bxe8 Rdxe8 23. dxe5 fxe5 24. e4 dxe4 25. Qb3+ Kh8 26. Nb2 e3
27. Qxe3 e4 28. N2c4 Nf5 29. Qd2 e3 30. fxe3 Nxg3 31. Rxf8+ Rxf8 32. Nd7
Rf5 33. Ncb6 g4 34. Rd1 Ne4 35. Qd3 Qg3 0-1

[Event "2nd President's Cup"]
[Site "Baku AZE"]
[Date "2007.05.07"]
[Round "5"]
[White "Durarbeyli,V"]
[Black "Mamedov,Rau"]
[Result "0-1"]
[WhiteElo "2368"]
[BlackElo "2584"]
[EventDate "2007.05.03"]

1. e4 c5 2. c3 d5 3. exd5 Qxd5 4. d4 g6 5. Nf3 Bg7 6. dxc5 Qxc5 7. Be3 Qc7
8. Qd2 Nf6 9. Na3 a6 10. Nc4 Nbd7 11. Bf4 Qc5 12. Bd3 O-O 13. O-O b5 14.
Nce5 Nxe5 15. Bxe5 Bb7 16. Bd4 Qd6 17. Qe2 Bxf3 18. gxf3 Nh5 19. Bxg7 Kxg7
20. Rfd1 Qf6 21. Qe3 Nf4 22. Bf1 Rfd8 23. Re1 e6 24. a4 Rab8 25. a5 Rd5 26.
h3 Rbd8 27. Rac1 Qh4 28. Rc2 Rh5 29. Qe4 Rdd5 0-1

[Event "2nd President's Cup"]
[Site "Baku AZE"]
[Date "2007.05.07"]
[Round "5"]
[White "Rustemov,A"]
[Black "Mamedjarova,Z"]
[Result "0-1"]
[WhiteElo "2557"]
[BlackElo "2354"]
[EventDate "2007.05.03"]

1. d4 d5 2. c4 e6 3. Nf3 Nf6 4. e3 Be7 5. a3 O-O 6. b4 a5 7. b5 dxc4 8.
Bxc4 c5 9. bxc6 bxc6 10. O-O c5 11. Nc3 Ba6 12. Nb5 Nbd7 13. a4 Rc8 14. Be2
c4 15. Nc3 Nd5 16. Bd2 Bb4 17. Rc1 Qe7 18. Qc2 Rc7 19. Rfd1 Rfc8 20. e4
Nxc3 21. Bxc3 Rb7 22. Ba1 Nb6 23. d5 exd5 24. exd5 Rd7 25. Nd4 Rxd5 26. Bf3
Rg5 27. h4 Rg6 28. h5 Rg5 29. Nc6 Qc7 30. Nxb4 axb4 31. Qd2 h6 32. Qxb4 Bb7
33. Qa3 Bxf3 34. Qxf3 Nxa4 35. Rd4 Nb6 36. Rg4 Qe7 37. Bd4 Nd5 38. Re4 Qd7
39. Rce1 c3 40. Qe2 c2 41. Rc1 Qc6 42. g3 Nb4 43. Bf6 Rxh5 44. Qg4 g6 45.
Bb2 f5 46. Qxh5 gxh5 47. Rxb4 Rd8 48. Rd4 Rxd4 49. Bxd4 h4 50. gxh4 f4 51.
Be5 Qe4 52. Bxf4 Qxf4 53. Rxc2 Qg4+ 54. Kh2 Qxh4+ 55. Kg1 Qg4+ 56. Kh2 Qh5+
0-1